Top 10 Ice Cream Countries Quiz Stats

 Plays Quiz not verified by Sporcle

Challenge
Share
Tweet
Embed
Score 0/10 Timer 05:00
0 Plays Today
Rank Country % Correct
2United States
99.3%
8Canada
88.3%
1Australia
73.7%
4Sweden
61.3%
3New Zealand
60%
10Norway
59.2%
9Finland
56.5%
6Denmark
54.4%
5Ireland
53%
7Israel
21.6%

You're not logged in!

Compare scores with friends on all Sporcle quizzes.
Join for Free
OR
Log In

You Might Also Like...

Show Comments

Extras

Top Quizzes Today


Score Distribution

Your Account Isn't Verified!

In order to create a playlist on Sporcle, you need to verify the email address you used during registration. Go to your Sporcle Settings to finish the process.

Report this User

Report this user for behavior that violates our Community Guidelines.

Details: